01525cam a22003617a 4500003000500000005001700005008004100022010001000063011001000073035001000083040000900093082001500102100003500117245019300152260008600345300001100431590004100442590004100483590004100524590004100565590004100606590004200647650003600689650004500725650004400770710005400814710005800868901000700926942001000933949006800943999001701011952013501028CHAP20220817043406.0971013s1986 r 00010 d a74211 a75183 a84743 cCHAP a630.71bC300aCarmona Ruiz, Gildardo.919045 0aEstudio comparativo de la oferta y la demanda actual y potencial de profesores con el nivel de postgrado para las instituciones de educación agropecuaria superior en México (1983-1985) aMéxico, D.F. :bAsociación Mexicana de Educación Agrícola Superior,c1986 a160 P. aBATCH-UPDb10c20130110lUCH01h0239 aBATCH-UPDb10c20130110lUCH01h1307 aBATCH-UPDb10c20130409lUCH01h2306 aBATCH-UPDb10c20130410lUCH01h1411 aBATCH-UPDb10c20130914lUCH01h0938 aCONVERSIONb10c20130109lUCH01h134114aCientíficos mexicanos.92325914aEducación agrícolazMéxico.93555214aEstudios de postgradoxMéxico.9385280 aColegio de Postgraduados. Chapingo, Méx.9250680 aConsejo Nacional de Ciencia y Tecnología. México. aBK cLIBRO a630.71 C3bBCcLIBROd33724000032595eLIBROh69893i84743mDsi c74211d74211 00102ddc4052708GRALaBCbBCcPP_GRALd2019-12-31fLIBROl0o630.71 C3p33724000032595r2019-12-31 00:00:00w2019-12-31yLIBRO